| 000 | 00911nas a2200277 4500 | ||
|---|---|---|---|
| 001 | BR2011003422 | ||
| 003 | BR-BrBNA | ||
| 005 | 20231205115023.0 | ||
| 007 | ta | ||
| 008 | 230509b bl.|||p| |||| 00| 00por d | ||
| 040 |
_aBR-BrBNA _bpor _cBiblioteca Nacional de Agricultura |
||
| 041 | _a(Pt) | ||
| 072 | _aJ11 | ||
| 100 | 1 | _aCoitinho, R.L.B. de C. | |
| 100 | 1 | _aOliveira, J.V. de | |
| 100 | 1 | _aGondim Júnior, M.G.C. | |
| 100 | 1 | _aCâmara, C.A.G. da | |
| 245 | 1 | _aToxicidade por fumigação, contato e ingestão de óleos essenciais para Sitophilus zeamais Motschulsky, 1885 (Coleoptera: Curculionidae) | |
| 650 | _aMILHO | ||
| 650 | _aGORGULHO DOS CEREAIS | ||
| 650 | _aFUMIGAÇÃO | ||
| 650 | _aTOXIDEZ | ||
| 773 | 0 |
_tCiência e Agrotecnologia (Brazil) _xISSN 1413-7054 _g(Jan-Feb 2011), v. 35(1) p. 172-178 _wBR2011003422 |
|
| 909 |
_a202311 _bLúcia _c55 _dLúcia Elande |
||
| 942 |
_2AGRIS _n0 _cANA |
||
| 999 |
_c211697 _d211697 |
||